000 00671nam a22001577a 4500
999 _c60890
_d60890
005 20231115105750.0
008 231115s1985 ru ||||| |||| 00| 0 rus d
041 _arus
080 _a902(395)+902(574/575) Д-73
245 _aДревнейшие государства Кавказа и Средней Азии /
_cОтв.ред. Г.А. Кошеленко.
264 _aМосква:
_bНаука,
_c1985.
300 _a496 с.:
_bил.;
_c30 см.
653 _aკავკასიისა და შუა აზიის უძველესი სახელმწიფოები
653 _aარქეოლოგია
942 _2udc
_cᲬᲘᲒᲜᲘ